000 01224nam a2200253 a 4500
001
003 DO-SdBNP
005 20211022085858.0
008 081112s2007 dr ac 000 0 spa d
020 _a9789993458494
040 _aDO-SdBNP
_bspa
_cBPMSU
082 _a320.97293
_bG182v 2007
_222
100 1 _aGalván, Héctor,
_d1960-
245 1 3 _aLa visión del presidente Leonel Fernández :
_bla República Dominicana hacia el 2030 /
_cHéctor Galván.
260 _aSanto Domingo :
_bCentenario,
_c2007.
300 _a340 p. :
_bil., retrs. ;
_c24 cm.
505 2 _tIntroducción --
_tAgradecimientos --
_tPreámbulo --
_tEconomía y desarrollo --
_tTecnología --
_tDeportes --
_tJuventud --
_tIntermedio I, --
_tEl hombre --
_tPor una sociedad justa y balanceada --
_tIntermedio II --
_tPolítica Internacional --
_tTransporte --
_tMarítima --
_tEmpresarial --
_tIntermedio III --
_tEnergía y petróleo --
_tConstitución --
_tEducación --
_tSeguridad --
_tPLD --
_tReelección --
_tFinal --
_tColofón.
590 _aInventariado, 2021/VM
600 4 _aFernández, Leonel,
_d1953-
650 4 _aPartido de la Liberación Dominicana
651 4 _aRepública Dominicana
_xPolítica y gobierno
910 _aVMateo V.
942 _2ddc
_cBK
999 _c13816
_d13816